Normal view
MARC view
Entry Personal Name
001 - CONTROL NUMBER
- control field: 2208
003 - CONTROL NUMBER IDENTIFIER
- control field: HDC
005 - DATE AND TIME OF LATEST TRANSACTION
- control field: 20230624073124.0
008 - FIXED-LENGTH DATA ELEMENTS
- fixed length control field: 210104|| aca||aabn | a|a d
040 ## - CATALOGING SOURCE
- Original cataloging agency: HDC
- Transcribing agency: HDC
100 ## - HEADING--PERSONAL NAME
- Personal name: Rozman Mohd Yusof
670 ## - SOURCE DATA FOUND
- Source citation: Work cat.: (HDC): Rozman Mohd Yusof author, The Medical Tourists Value and Trust of Choosing Malaysia as Medical Tourism Destination, , 2016
